[Event "POR-ch U16"]
[Site "Luso"]
[Date "2018.03.28"]
[Round "7"]
[White "Martins, Nuno Goncalo Alves"]
[Black "Cardoso, Joao"]
[Result "1-0"]
[WhiteElo "1010"]
[BlackElo "1290"]
[PlyCount "31"]
[EventDate "2018.03.24"]
[EventType "swiss"]
[EventRounds "7"]
[EventCountry "POR"]
[SourceTitle "EXT 2019"]
[Source "ChessBase"]
[SourceDate "2018.10.10"]
[SourceVersion "1"]
[SourceVersionDate "2018.10.10"]
[SourceQuality "1"]

1. d4 e6 2. c4 d5 3. Nc3 c5 4. Nf3 Nc6 5. e3 Nf6 6. Be2 b6 7. 0-0 Ba6 8. Qa4 Bb7 9. Ne5 Qc7 10. Bf3 0-0-0 11. Nb5 Qe7 12. Nxc6 Bxc6 13. Nxa7+ Kc7 14. Qxc6+ Kb8 15. Qxb6+ Ka8 16. Nc6 1-0